00394nam a2200109Ia 4500008004100000245013100041260002900172260000900201300000600210650001300216856005500229170516s9999 xx 000 0 und d aDissolution Enhancement of Rosuvastatin Calcium by Liquisolid Compact Technique, V. J. Kapure, V. V. Pande, and P. K. Deshmukh bJournal of Pharmaceutics c2013 a: xPharmacy uhttps://www.hindawi.com/journals/jphar/contents/3/